| 000 | 00443nam a2200181Ia 4500 | ||
|---|---|---|---|
| 001 | 15521 | ||
| 005 | 20260306170202.0 | ||
| 008 | 260306t1993||||xx |||||||||||||| ||und|| | ||
| 041 | _aESP | ||
| 082 |
_a541.369 _bS36 |
||
| 100 |
_aSegura Clavell, José _eAUT |
||
| 245 | 0 | _aProblemas de termodinámica técnica | |
| 260 | _c1993 | ||
| 300 |
_aviii, 242 páginas : _c21 cm. |
||
| 650 | _aGEN | ||
| 654 | _aCCN | ||
| 942 |
_cLIB _dJUS _fJUS _2ddc _n |
||
| 999 |
_c15521 _d15521 |
||